[Event "FRA-chT Top 16 Gp Basse"]
[Site "Chartres"]
[Date "2023.06.11"]
[Round "4.4"]
[White "Lam, Sophie"]
[Black "Leriche, Ines"]
[Result "1-0"]
[WhiteElo "2076"]
[BlackElo "1917"]
[PlyCount "51"]
[EventDate "2023.06.08"]
[EventType "team-tourn"]
[EventRounds "4"]
[EventCountry "FRA"]
[SourceTitle "CBM 214 Extra"]
[Source "ChessBase"]
[SourceDate "2023.07.31"]
[SourceVersion "1"]
[SourceVersionDate "2023.07.31"]
[SourceQuality "1"]
[WhiteTeam "Cappelle la Grande"]
[BlackTeam "Poitiers Migne"]
[WhiteTeamCountry "FRA"]
[BlackTeamCountry "FRA"]

1. e4 c6 2. d4 d5 3. f3 Qb6 4. Nc3 dxe4 5. fxe4 e5 6. dxe5 Be6 7. Nf3 Nd7 8. Nd4 0-0-0 9. Nxe6 fxe6 10. Bc4 Bc5 11. Qe2 Ne7 12. Bd2 Rhf8 13. 0-0-0 Rf2 14. Qg4 Rxd2 15. Rxd2 Be3 16. Rhd1 Qd4 17. Bxe6 Kc7 18. Qxg7 Nxe5 19. Qxe7+ Kb8 20. Nd5 Rxd5 21. exd5 a6 22. d6 Qc5 23. Bb3 Ka7 24. Qe6 Nd3+ 25. Kb1 Bxd2 26. cxd3 1-0

[Event "FRA-chT Top 16 Gp Basse"]
[Site "Chartres"]
[Date "2023.06.08"]
[Round "1.2"]
[White "Leriche, Ines"]
[Black "Pourquet, Matthieu"]
[Result "1-0"]
[WhiteElo "1917"]
[BlackElo "2181"]
[PlyCount "101"]
[EventDate "2023.06.08"]
[EventType "team-tourn"]
[EventRounds "4"]
[EventCountry "FRA"]
[SourceTitle "CBM 214 Extra"]
[Source "ChessBase"]
[SourceDate "2023.07.31"]
[SourceVersion "1"]
[SourceVersionDate "2023.07.31"]
[SourceQuality "1"]
[WhiteTeam "Poitiers Migne"]
[BlackTeam "Vandoeuvre"]
[WhiteTeamCountry "FRA"]
[BlackTeamCountry "FRA"]

1. d4 Nf6 2. Nf3 c5 3. d5 b5 4. c3 Bb7 5. e4 Nxe4 6. Bxb5 g6 7. 0-0 Bg7 8. Re1 Nf6 9. c4 0-0 10. Nc3 Ba6 11. Bf4 Bxb5 12. Nxb5 d6 13. Qd2 Nbd7 14. Bh6 a6 15. Nc3 Re8 16. Bxg7 Kxg7 17. Rad1 Qa5 18. b3 Rab8 19. Re3 Rb7 20. Rde1 Qd8 21. Ng5 Ne5 22. Nce4 Nxe4 23. Nxe4 Ng4 24. Rh3 h5 25. Ng5 Qd7 26. Qc3+ Kg8 27. Qc2 Nf6 28. Ne6 Reb8 29. Rg3 Qe8 30. Nf4 Kh7 31. Rg5 Kh6 32. Qd2 Kg7 33. Re3 Qh8 34. Rh3 h4 35. g3 Qh6 36. Rxh4 Qxg5 37. Ne6+ fxe6 38. Qxg5 exd5 39. Rh6 Kf7 40. Qxg6+ Ke6 41. cxd5+ Kxd5 42. Qd3+ Ke5 43. Qxa6 d5 44. Rg6 Rb5 45. Rg5+ Kd4 46. Qe6 Kc3 47. Qxe7 R8b6 48. Rf5 d4 49. Rxf6 Rb7 50. Qe1+ Kb2 51. Qd2+ 1-0

[Event "FRA-chT Top 16 GpB"]
[Site "Chartres"]
[Date "2023.06.03"]
[Round "3.4"]
[White "Leriche, Ines"]
[Black "Schippke, Manon"]
[Result "0-1"]
[WhiteElo "1919"]
[BlackElo "2084"]
[PlyCount "66"]
[EventDate "2023.06.01"]
[EventType "team-tourn"]
[EventRounds "7"]
[EventCountry "FRA"]
[SourceTitle "CBM 214 Extra"]
[Source "ChessBase"]
[SourceDate "2023.07.31"]
[SourceVersion "1"]
[SourceVersionDate "2023.07.31"]
[SourceQuality "1"]
[WhiteTeam "Poitiers Migne"]
[BlackTeam "Metz Fischer"]
[WhiteTeamCountry "FRA"]
[BlackTeamCountry "FRA"]

1. d4 Nf6 2. Nf3 g6 3. g3 Bg7 4. Bg2 0-0 5. 0-0 d6 6. b3 a5 7. Bb2 c6 8. Re1 d5 9. c4 a4 10. Nbd2 Bf5 11. Nh4 Bg4 12. h3 Be6 13. Qc2 Qb6 14. c5 Qc7 15. b4 Na6 16. a3 Qd7 17. Kh2 Nc7 18. Rad1 Nb5 19. Nhf3 Bf5 20. Qc1 h5 21. Ne5 Qc8 22. f3 Bh6 23. e4 dxe4 24. fxe4 Be6 25. Qc2 h4 26. Ndc4 hxg3+ 27. Kg1 Ra6 28. Bc1 Bxc1 29. Qxc1 Kg7 30. Nb6 Qc7 31. Re3 Nxd4 32. Nbc4 Rd8 33. Red3 Ne2+ 0-1

[Event "Vandoeuvre op-B 15th"]
[Site "Vandoeuvre"]
[Date "2019.01.06"]
[Round "9"]
[White "Leriche, Ines"]
[Black "Francois, Gwladys"]
[Result "1/2-1/2"]
[WhiteElo "1917"]
[BlackElo "1834"]
[PlyCount "85"]
[EventDate "2019.01.02"]
[EventType "swiss"]
[EventRounds "9"]
[EventCountry "FRA"]
[SourceTitle "EXT 2020"]
[Source "ChessBase"]
[SourceDate "2019.10.17"]
[SourceVersion "1"]
[SourceVersionDate "2019.10.17"]
[SourceQuality "1"]

1. d4 Nf6 2. c4 e6 3. Nc3 Bb4 4. e3 c5 5. Nge2 Ne4 6. a3 Qf6 7. f3 Nxc3 8. Nxc3 Bxc3+ 9. bxc3 0-0 10. Qc2 d6 11. Bd3 h6 12. 0-0 Nc6 13. Bd2 Qe7 14. f4 f5 15. d5 Na5 16. Rae1 Qf7 17. e4 b6 18. Rf3 exd5 19. exd5 Ba6 20. Rfe3 Bxc4 21. Bxc4 Nxc4 22. Re6 Rfe8 23. Bc1 Rxe6 24. dxe6 Qf6 25. Qd3 b5 26. Qd5 Re8 27. a4 Qxc3 28. e7+ Kh8 29. Qe6 Nb6 30. Bb2 Qxb2 31. Qf7 Qd4+ 32. Kh1 Rxe7 33. Qxe7 Qxf4 34. axb5 Qf2 35. h3 Nd5 36. Qf8+ Kh7 37. Re8 Qf1+ 38. Kh2 Qf4+ 39. Kh1 Qf1+ 40. Kh2 Qf4+ 41. Kh1 Qf1+ 42. Kh2 Qf2 43. Qg8+ 1/2-1/2

[Event "Vandoeuvre op-B 15th"]
[Site "Vandoeuvre"]
[Date "2019.01.03"]
[Round "3.7"]
[White "Leriche, Ines"]
[Black "Lebrun, Elias"]
[Result "1-0"]
[WhiteElo "1917"]
[BlackElo "1774"]
[PlyCount "125"]
[EventDate "2019.01.02"]
[EventType "swiss"]
[EventRounds "9"]
[EventCountry "FRA"]
[SourceTitle "EXT 2020"]
[Source "ChessBase"]
[SourceDate "2019.10.17"]
[SourceVersion "1"]
[SourceVersionDate "2019.10.17"]
[SourceQuality "1"]

1. d4 Nf6 2. c4 e6 3. Nc3 c5 4. d5 exd5 5. cxd5 d6 6. Nf3 g6 7. Nd2 a6 8. a4 Nbd7 9. e4 Bg7 10. Be2 0-0 11. 0-0 Re8 12. f3 Rb8 13. Nc4 Ne5 14. Ne3 h5 15. Qc2 Qc7 16. h3 b6 17. Ra3 Qe7 18. Rb3 Nh7 19. f4 Nd7 20. Bf3 Qf6 21. Nc4 Qe7 22. Re1 Rf8 23. e5 dxe5 24. d6 Qh4 25. Re2 Bb7 26. Bxb7 Rxb7 27. Qe4 Rfb8 28. fxe5 Qxe4 29. Rxe4 Nhf8 30. Nd5 Ne6 31. Ne7+ Kf8 32. Nc6 Rc8 33. N4a5 Nd4 34. Nxd4 cxd4 35. Bd2 Rbb8 36. e6 fxe6 37. Rf3+ Kg8 38. Nb3 e5 39. g4 hxg4 40. Rxg4 Nf6 41. Rxg6 Kf7 42. Rgxf6+ Bxf6 43. Bg5 Ke6 44. Rxf6+ Kd5 45. d7 Rc2 46. Rxb6 Rxb6 47. d8Q+ Rd6 48. Qg8+ Re6 49. Qd8+ Ke4 50. Qa5 Rec6 51. Qe1+ Kf5 52. h4 Rxb2 53. Nd2 Rcc2 54. Qe4+ Ke6 55. Qd3 Rc6 56. Qg6+ Kd5 57. Qe4+ Kd6 58. Kf2 Ra2 59. Ke2 Rxa4 60. Be7+ Kd7 61. Qd5+ Kc7 62. Qxe5+ Kb7 63. Qd5 1-0

[Event "FRA-ch U20 Girls"]
[Site "Agen"]
[Date "2018.04.17"]
[Round "4"]
[White "Haussernot, Cecile"]
[Black "Leriche, Ines"]
[Result "1-0"]
[WhiteElo "2165"]
[BlackElo "1913"]
[PlyCount "55"]
[EventDate "2018.04.15"]
[EventType "swiss"]
[EventRounds "9"]
[EventCountry "FRA"]
[SourceTitle "CBM 184 Extra"]
[Source "ChessBase"]
[SourceDate "2018.06.28"]
[SourceVersion "1"]
[SourceVersionDate "2018.06.28"]
[SourceQuality "1"]

1. e4 d5 2. exd5 Qxd5 3. Nc3 Qd6 4. d4 Nf6 5. Bd3 Bg4 6. f3 Bh5 7. Nge2 Nc6 8. Be3 e6 9. Qd2 Qd7 10. a3 a6 11. 0-0 Be7 12. Rad1 0-0 13. Qe1 Rad8 14. Qg3 Bg6 15. Ne4 Nh5 16. Qh3 e5 17. g4 Nxd4 18. Bxd4 exd4 19. f4 Bxe4 20. Bxe4 Qe6 21. Bf5 Qxe2 22. Rde1 Qc4 23. Rxe7 Qc5 24. Qxh5 d3+ 25. Kh1 g6 26. Bxg6 Qxh5 27. Bxh5 dxc2 28. g5 1-0

[Event "FRA-ch U20 Girls"]
[Site "Agen"]
[Date "2018.04.16"]
[Round "2"]
[White "Guigue, Marie Celine"]
[Black "Leriche, Ines"]
[Result "0-1"]
[WhiteElo "1288"]
[BlackElo "1913"]
[PlyCount "60"]
[EventDate "2018.04.15"]
[EventType "swiss"]
[EventRounds "9"]
[EventCountry "FRA"]
[SourceTitle "CBM 184 Extra"]
[Source "ChessBase"]
[SourceDate "2018.06.28"]
[SourceVersion "1"]
[SourceVersionDate "2018.06.28"]
[SourceQuality "1"]

1. e4 c6 2. d4 d5 3. e5 c5 4. Nf3 Bg4 5. Be2 Nc6 6. c3 e6 7. Be3 Nge7 8. Nbd2 Nf5 9. h3 Bxf3 10. Nxf3 cxd4 11. Bxd4 Nfxd4 12. Nxd4 Nxe5 13. Qa4+ Nd7 14. Nf3 Bd6 15. Bb5 a6 16. Bxd7+ Qxd7 17. Qxd7+ Kxd7 18. Rd1 Rac8 19. 0-0 Rc7 20. Rd3 h6 21. Rc1 Rhc8 22. b3 b5 23. b4 Bxb4 24. Rd2 Rxc3 25. Rxc3 Rxc3 26. Ne5+ Ke8 27. Re2 Bd6 28. Nf3 Rc1+ 29. Re1 Rxe1+ 30. Nxe1 Kd7 0-1

[Event "FRA-ch U20 Girls"]
[Site "Agen"]
[Date "2018.04.16"]
[Round "3"]
[White "Leriche, Ines"]
[Black "Retailleau, Elise"]
[Result "1-0"]
[WhiteElo "1913"]
[BlackElo "1932"]
[PlyCount "65"]
[EventDate "2018.04.15"]
[EventType "swiss"]
[EventRounds "9"]
[EventCountry "FRA"]
[SourceTitle "CBM 184 Extra"]
[Source "ChessBase"]
[SourceDate "2018.06.28"]
[SourceVersion "1"]
[SourceVersionDate "2018.06.28"]
[SourceQuality "1"]

1. d4 d5 2. c4 e6 3. Nc3 Nf6 4. cxd5 exd5 5. Bg5 Be7 6. e3 c6 7. Bd3 Bg4 8. Qc2 Bh5 9. h3 Bg6 10. Nf3 Nbd7 11. 0-0 Bxd3 12. Qxd3 0-0 13. Rfc1 Re8 14. Na4 Bd6 15. Nd2 h6 16. Bxf6 Qxf6 17. Rab1 Qe7 18. Nb3 Rac8 19. Nbc5 Nf6 20. a3 Bb8 21. b4 Qc7 22. g3 a6 23. Nc3 h5 24. h4 Ng4 25. Qf5 Nf6 26. a4 Qe7 27. b5 g6 28. Qf3 Nd7 29. Nxb7 Ne5 30. dxe5 Qxb7 31. bxc6 Qa7 32. Rb7 Qc5 33. Qxf7+ 1-0

[Event "EU-ch U18 Girls 27th"]
[Site "Mamaia"]
[Date "2017.09.07"]
[Round "3"]
[White "Leriche, Ines"]
[Black "Ilyuchyk, Yana"]
[Result "1-0"]
[WhiteElo "1802"]
[BlackElo "2036"]
[PlyCount "117"]
[EventDate "2017.09.05"]
[EventType "swiss"]
[EventRounds "9"]
[EventCountry "ROU"]
[SourceTitle "CBM 180 Extra"]
[Source "ChessBase"]
[SourceDate "2017.10.06"]
[SourceVersion "1"]
[SourceVersionDate "2017.10.06"]
[SourceQuality "1"]

1. d4 Nf6 2. c4 g6 3. Nc3 Bg7 4. Nf3 0-0 5. Bg5 d6 6. e3 Nbd7 7. Qc2 c6 8. Rd1 Qa5 9. Be2 h6 10. Bh4 g5 11. Bg3 Nh5 12. Nd2 Nxg3 13. hxg3 Nf6 14. 0-0 e5 15. dxe5 dxe5 16. Nb3 Qc7 17. c5 Be6 18. Nd2 Nd7 19. Nce4 a5 20. Bc4 Bd5 21. g4 b6 22. cxb6 Qxb6 23. Ng3 Nf6 24. e4 Bxc4 25. Nxc4 Qc5 26. Nf5 Nxg4 27. Rd6 Rfd8 28. Rxc6 Qa7 29. Ncd6 Rd7 30. Nc8 Rxc8 31. Rxc8+ Kh7 32. Qc5 Qa6 33. f3 Nf6 34. Nxg7 Kxg7 35. Rc6 Qb7 36. Qb6 Qxb6+ 37. Rxb6 g4 38. Rc1 g3 39. Rbc6 Nh5 40. Kf1 Nf4 41. Rc7 Rd4 42. R7c4 Rd2 43. R4c2 Rd4 44. b3 Kf6 45. Rb1 Kg5 46. a3 h5 47. b4 axb4 48. axb4 h4 49. b5 h3 50. gxh3 Kh4 51. b6 g2+ 52. Rxg2 Nxg2 53. Kxg2 Rd2+ 54. Kg1 Rd8 55. b7 Rb8 56. Kh2 f5 57. exf5 Kg5 58. Kg3 Kxf5 59. Rb4 1-0

[Event "EU-ch U18 Girls 27th"]
[Site "Mamaia"]
[Date "2017.09.05"]
[Round "1"]
[White "Leriche, Ines"]
[Black "Gueci, Tea"]
[Result "0-1"]
[WhiteElo "1802"]
[BlackElo "2181"]
[PlyCount "98"]
[EventDate "2017.09.05"]
[EventType "swiss"]
[EventRounds "9"]
[EventCountry "ROU"]
[SourceTitle "CBM 180 Extra"]
[Source "ChessBase"]
[SourceDate "2017.10.06"]
[SourceVersion "1"]
[SourceVersionDate "2017.10.06"]
[SourceQuality "1"]

1. d4 d5 2. c4 e6 3. Nc3 c6 4. e3 Nf6 5. Nf3 Nbd7 6. Bd3 dxc4 7. Bxc4 b5 8. Bd3 Bd6 9. 0-0 0-0 10. Qe2 Bb7 11. Bd2 Re8 12. Rac1 Rc8 13. Ng5 h6 14. Nge4 Bf8 15. a3 e5 16. Nxf6+ Qxf6 17. Ne4 Qe6 18. Nc5 Nxc5 19. dxc5 Rcd8 20. Bb1 Bc8 21. Ba5 Rd7 22. Rfd1 e4 23. Rxd7 Bxd7 24. Qd2 Bc8 25. b4 Be7 26. Ba2 Qg6 27. Kh1 h5 28. Bc7 h4 29. h3 Qf5 30. Rd1 g5 31. Qe2 Qg6 32. Bd6 Bf6 33. Rf1 Kg7 34. f3 Bf5 35. Qf2 exf3 36. Qxf3 Be4 37. Qg4 Bd3 38. Re1 Bc3 39. Qd7 Re4 40. Rc1 Bb2 41. Rd1 Rxe3 42. Qd8 Rxh3+ 43. Bh2 Re3 44. Bd6 h3 45. Qf8+ Kh7 46. Qxf7+ Qxf7 47. Bxf7 Be4 48. Rd2 hxg2+ 49. Kh2 Rh3+ 0-1

[Event "Avoine op 32nd"]
[Site "Avoine"]
[Date "2017.07.22"]
[Round "3"]
[White "Leriche, Ines"]
[Black "Belenkaya, Dina"]
[Result "0-1"]
[WhiteElo "2006"]
[BlackElo "2323"]
[PlyCount "76"]
[EventDate "2017.07.22"]
[EventType "swiss"]
[EventRounds "9"]
[EventCountry "FRA"]
[SourceTitle "CBM 179 Extra"]
[Source "ChessBase"]
[SourceDate "2017.08.23"]
[SourceVersion "1"]
[SourceVersionDate "2017.08.23"]
[SourceQuality "1"]

1. d4 d5 2. c4 dxc4 3. e4 Nf6 4. e5 Nd5 5. Bxc4 Nc6 6. Nc3 Nb6 7. Bb5 Be6 8. Nge2 Qd7 9. Be3 Bc4 10. Bxc6 Qxc6 11. 0-0 e6 12. Rc1 Qd7 13. b3 Ba6 14. Ne4 Nd5 15. Nc5 Bxc5 16. Rxc5 0-0 17. Qd2 c6 18. Rb1 Rad8 19. Ng3 Nxe3 20. fxe3 b6 21. Rc3 c5 22. Rd1 Bb7 23. Nh5 Kh8 24. Qe2 f6 25. exf6 gxf6 26. Qf2 Qf7 27. Qh4 Rg8 28. Rd2 Rg5 29. Ng3 Qg6 30. Rf2 e5 31. Rd2 Rg4 32. Qh3 Bc8 33. Nf1 Rgxd4 34. exd4 Bxh3 35. Rxh3 cxd4 36. Rf2 e4 37. Rg3 Qf7 38. Rg4 e3 0-1

[Event "FRA-ch U18 Girls"]
[Site "Belfort"]
[Date "2017.04.20"]
[Round "6.3"]
[White "Leriche, Ines"]
[Black "Benezra, Esther"]
[Result "1-0"]
[WhiteElo "2037"]
[BlackElo "1761"]
[PlyCount "99"]
[EventDate "2017.04.16"]
[EventType "swiss"]
[EventRounds "9"]
[EventCountry "FRA"]
[SourceTitle "EXT 2019"]
[Source "ChessBase"]
[SourceDate "2018.10.10"]
[SourceVersion "1"]
[SourceVersionDate "2018.10.10"]
[SourceQuality "1"]

1. d4 e6 2. c4 f5 3. g3 Nf6 4. Bg2 c6 5. Nf3 d5 6. 0-0 Bd6 7. Nbd2 0-0 8. b3 b6 9. Bb2 Qe7 10. Rc1 Bb7 11. Ne5 a5 12. Nb1 a4 13. bxa4 Nbd7 14. cxd5 exd5 15. Nxc6 Qe6 16. a3 Bxg3 17. hxg3 Bxc6 18. Nc3 Ng4 19. e3 Qh6 20. Re1 Ndf6 21. Nb5 Bxb5 22. axb5 Ne4 23. Re2 Nexf2 24. Bxd5+ Kh8 25. Rxf2 Nxf2 26. Kxf2 Rae8 27. Qf3 f4 28. gxf4 g5 29. Rh1 Qg6 30. Bb3 h6 31. Qh5 Qxh5 32. Rxh5 gxf4 33. exf4 Rxf4+ 34. Kg3 Ree4 35. d5+ Kg8 36. d6+ Kf8 37. Rxh6 Ke8 38. Bc1 Rf1 39. Bd2 Rd4 40. Kg2 Rf5 41. Bc1 Rg4+ 42. Kh2 Rf2+ 43. Kh3 Rfg2 44. Rh8+ Kd7 45. Bd5 R2g3+ 46. Kh2 Rg1 47. Be3 R1g3 48. Bc6+ Ke6 49. Rh6+ Kf7 50. Bxb6 1-0

[Event "FRA-chT Top 12 (Women) GpA"]
[Site "Mulhouse"]
[Date "2016.05.08"]
[Round "5.1"]
[White "Leriche, Ines"]
[Black "Haast, Anne"]
[Result "0-1"]
[WhiteElo "1912"]
[BlackElo "2309"]
[PlyCount "60"]
[EventDate "2016.05.05"]
[EventType "team-tourn"]
[EventRounds "5"]
[EventCountry "FRA"]
[SourceTitle "CBM 172 Extra"]
[Source "ChessBase"]
[SourceDate "2016.06.21"]
[SourceVersion "1"]
[SourceVersionDate "2016.06.21"]
[SourceQuality "1"]
[WhiteTeam "Poitiers Migne (W)"]
[BlackTeam "Cannes (W)"]
[WhiteTeamCountry "FRA"]
[BlackTeamCountry "FRA"]

1. Nf3 Nf6 2. c4 g6 3. d4 Bg7 4. Nc3 0-0 5. e4 d6 6. h3 c5 7. d5 e6 8. Bd3 exd5 9. exd5 Re8+ 10. Be3 a6 11. a4 b6 12. 0-0 Nbd7 13. Bf4 Ne5 14. Nxe5 dxe5 15. Bg5 h6 16. Be3 Bd7 17. Rb1 Bf8 18. Qc2 Kh7 19. Bd2 Nh5 20. Ne2 Qe7 21. Qd1 e4 22. Bc2 f5 23. b4 Qh4 24. bxc5 Bxc5 25. Be3 Qe7 26. Bxc5 Qxc5 27. Qd4 Nf4 28. Qd2 e3 29. fxe3 Rxe3 30. Nd4 Ne2+ 0-1

[Event "FRA-ch U18 Girls"]
[Site "Gonfreville"]
[Date "2016.??.??"]
[Round "7"]
[White "Afraoui, Anaelle"]
[Black "Leriche, Ines"]
[Result "1/2-1/2"]
[WhiteElo "1986"]
[BlackElo "1999"]
[PlyCount "132"]
[EventDate "2016.04.22"]
[EventType "swiss"]
[EventRounds "9"]
[EventCountry "FRA"]
[SourceTitle "EXT 2019"]
[Source "ChessBase"]
[SourceDate "2018.10.10"]
[SourceVersion "1"]
[SourceVersionDate "2018.10.10"]
[SourceQuality "1"]

1. e4 c5 2. Nf3 Nc6 3. d4 cxd4 4. Nxd4 g6 5. Nc3 Bg7 6. Be3 Nf6 7. Bc4 Qa5 8. 0-0 0-0 9. Bb3 d6 10. h3 Bd7 11. Nf3 Rac8 12. Re1 Rfe8 13. Qe2 a6 14. Rad1 b5 15. a3 Qc7 16. Bg5 Be6 17. Bxe6 fxe6 18. e5 Nxe5 19. Nxe5 dxe5 20. Qxe5 Qxe5 21. Rxe5 Kf7 22. Rde1 Rc6 23. R5e2 h6 24. Bxf6 exf6 25. Rd2 f5 26. Nd1 Bf6 27. c3 Rd8 28. Rxd8 Bxd8 29. Ne3 Rd6 30. Kf1 Rd2 31. Re2 Rd3 32. Rc2 Bf6 33. Ke2 Rd7 34. c4 bxc4 35. Nxc4 Ke7 36. Na5 Kf7 37. b4 Bd8 38. Nc6 Bc7 39. a4 e5 40. b5 axb5 41. axb5 Ke6 42. Ra2 Kd6 43. Rd2+ Ke6 44. Rxd7 Kxd7 45. Kd3 Kd6 46. f3 Bb6 47. Kc4 e4 48. fxe4 fxe4 49. Nd4 Ke5 50. Ne2 Ba7 51. Kc3 Be3 52. Kc4 Ba7 53. Nc3 Bf2 54. Na4 Kf4 55. b6 Bxb6 56. Nxb6 Kg3 57. Kd4 Kxg2 58. Kxe4 Kxh3 59. Nd5 Kg4 60. Ke3 g5 61. Kf2 h5 62. Kg2 h4 63. Ne3+ Kf4 64. Nd1 g4 65. Nf2 g3 66. Nh3+ Ke5 1/2-1/2

[Event "FRA-ch op-B"]
[Site "Agen"]
[Date "2016.??.??"]
[Round "3"]
[White "Leriche, Ines"]
[Black "Gillis, Stephane"]
[Result "0-1"]
[WhiteElo "1895"]
[BlackElo "1934"]
[PlyCount "72"]
[EventDate "2016.08.12"]
[EventType "swiss"]
[EventRounds "9"]
[EventCountry "FRA"]
[SourceTitle "EXT 2017"]
[Source "ChessBase"]
[SourceDate "2016.10.25"]
[SourceVersion "1"]
[SourceVersionDate "2016.10.25"]
[SourceQuality "1"]

1. d4 d5 2. c4 e6 3. Nc3 Nf6 4. cxd5 exd5 5. Bg5 Be7 6. e3 Nbd7 7. Bd3 c6 8. Qc2 Nf8 9. Nge2 Ng6 10. 0-0 0-0 11. f3 Nh5 12. Bxe7 Qxe7 13. e4 Nhf4 14. Nxf4 Nxf4 15. e5 Qh4 16. Rad1 Ne6 17. Qf2 Qxf2+ 18. Kxf2 Nxd4 19. Bxh7+ Kxh7 20. Rxd4 Bd7 21. f4 f6 22. Re1 Rae8 23. exf6 Rxe1 24. Kxe1 Rxf6 25. Kf2 Bf5 26. Kf3 Rh6 27. g4 Rh3+ 28. Kg2 Bxg4 29. Rb4 b6 30. Rb3 d4 31. Ne4 Rxb3 32. axb3 Be6 33. Nd2 Kg6 34. h4 a5 35. Kf3 Kf5 36. Kg3 Bd5 0-1

[Event "World ol U16"]
[Site "Ulaanbaatar"]
[Date "2015.08.28"]
[Round "10.4"]
[White "Tugstumur, Yesuntumur"]
[Black "Leriche, Ines"]
[Result "0-1"]
[WhiteElo "2087"]
[BlackElo "1870"]
[PlyCount "49"]
[EventDate "2015.08.20"]
[EventType "team-swiss"]
[EventRounds "9"]
[EventCountry "MGL"]
[SourceTitle "EXT 2017"]
[Source "ChessBase"]
[SourceDate "2016.10.25"]
[SourceVersion "1"]
[SourceVersionDate "2016.10.25"]
[SourceQuality "1"]
[WhiteTeam "Mongolia A"]
[BlackTeam "France"]
[WhiteTeamCountry "MGL"]
[BlackTeamCountry "FRA"]

1. d4 d5 2. Nf3 c6 3. e3 Bf5 4. c4 Nf6 5. Nc3 e6 6. Nh4 Bg6 7. Qb3 Qb6 8. Nxg6 hxg6 9. Bd2 Nbd7 10. Be2 Be7 11. g3 g5 12. c5 Qxb3 13. axb3 a6 14. b4 0-0-0 15. f3 e5 16. Kf2 Rh3 17. Kg2 Rdh8 18. Nd1 R3h7 19. Nf2 exd4 20. exd4 Ne8 21. Rae1 Bf6 22. Bd3 g6 23. Be3 Nc7 24. Ng4 Rd8 25. f4 0-1

[Event "World ol U16"]
[Site "Ulaanbaatar"]
[Date "2015.08.26"]
[Round "8.4"]
[White "Xian, He"]
[Black "Leriche, Ines"]
[Result "0-1"]
[WhiteElo "1754"]
[BlackElo "1870"]
[PlyCount "116"]
[EventDate "2015.08.20"]
[EventType "team-swiss"]
[EventRounds "9"]
[EventCountry "MGL"]
[SourceTitle "EXT 2016"]
[Source "ChessBase"]
[SourceDate "2015.10.08"]
[SourceVersion "1"]
[SourceVersionDate "2015.10.08"]
[SourceQuality "1"]
[WhiteTeam "China II"]
[BlackTeam "France"]
[WhiteTeamCountry "CHN"]
[BlackTeamCountry "FRA"]

1. e4 c5 2. Nf3 Nc6 3. Bb5 d6 4. Bxc6+ bxc6 5. 0-0 Bg4 6. h3 Bh5 7. d3 e5 8. Be3 Nf6 9. Nbd2 Be7 10. c3 0-0 11. Qc2 Nd7 12. d4 cxd4 13. cxd4 Qc7 14. Rfc1 Rfc8 15. dxe5 dxe5 16. Ne1 Nf8 17. Nd3 Ne6 18. Qc3 Bf6 19. Nb4 Qd7 20. Nf1 Nd4 21. Ng3 Bh4 22. Bxd4 exd4 23. Qd3 Bg6 24. Ne2 c5 25. Nc2 Qe7 26. f3 Rc7 27. Na3 Re8 28. Nf4 Qd7 29. Nxg6 hxg6 30. Nc4 f5 31. Nd2 Bg5 32. Re1 Qe6 33. Rad1 Be3+ 34. Kh1 c4 35. Qc2 f4 36. b3 c3 37. Nf1 Rd8 38. Rd3 Rcd7 39. Red1 Qe5 40. Nh2 Qc5 41. Ng4 Rd6 42. Re1 Rc8 43. Rb1 Ra6 44. Re1 Bd2 45. Rd1 Rcc6 46. a4 Rab6 47. Nh2 Rb4 48. Nf1 Be3 49. Rb1 Ra6 50. Rdd1 Rab6 51. Kh2 Qc7 52. Kh1 Qb8 53. Nxe3 fxe3 54. Rbc1 Qe5 55. Rb1 Qg3 56. Kg1 Qf2+ 57. Qxf2 exf2+ 58. Kxf2 c2 0-1

[Event "FRA-chT Top 12"]
[Site "Montpellier"]
[Date "2015.06.05"]
[Round "7.8"]
[White "Forestier, Carole"]
[Black "Leriche, Ines"]
[Result "1/2-1/2"]
[WhiteElo "2072"]
[BlackElo "1990"]
[PlyCount "59"]
[EventDate "2015.05.30"]
[EventType "team-tourn"]
[EventRounds "11"]
[EventCountry "FRA"]
[SourceTitle "CBM 166 Extra"]
[Source "ChessBase"]
[SourceDate "2015.06.18"]
[SourceVersion "1"]
[SourceVersionDate "2015.06.18"]
[SourceQuality "1"]
[WhiteTeam "Grasse Echecs"]
[BlackTeam "Poitiers Migne"]
[WhiteTeamCountry "FRA"]
[BlackTeamCountry "FRA"]

1. d4 d5 2. Nf3 c6 3. c4 Nf6 4. Qb3 dxc4 5. Qxc4 Bf5 6. g3 e6 7. Bg2 Nbd7 8. e3 Be7 9. 0-0 0-0 10. Nc3 Rc8 11. Qe2 Ne4 12. Nd2 Nxd2 13. Bxd2 e5 14. dxe5 Nxe5 15. e4 Bg4 16. f3 Be6 17. b3 Bb4 18. Rac1 Qd3 19. Be3 Rcd8 20. Rfd1 Qxe2 21. Nxe2 Ba3 22. Rb1 a6 23. Nf4 Bc8 24. Bb6 Rxd1+ 25. Rxd1 Nd7 26. Be3 Bc5 27. Kf2 Bxe3+ 28. Kxe3 Ne5 29. Rd6 Re8 30. Nd3 1/2-1/2

[Event "FRA-chT Top 12"]
[Site "Montpellier"]
[Date "2015.06.03"]
[Round "5"]
[White "Maisuradze, Nino"]
[Black "Leriche, Ines"]
[Result "1-0"]
[WhiteElo "2279"]
[BlackElo "1990"]
[PlyCount "89"]
[EventDate "2015.05.30"]
[EventType "team-tourn"]
[EventRounds "11"]
[EventCountry "FRA"]
[SourceTitle "CBM 166 Extra"]
[Source "ChessBase"]
[SourceDate "2015.06.18"]
[SourceVersion "1"]
[SourceVersionDate "2015.06.18"]
[SourceQuality "1"]
[WhiteTeam "Bischwiller"]
[BlackTeam "Poitiers Migne"]
[WhiteTeamCountry "FRA"]
[BlackTeamCountry "FRA"]

1. d4 Nf6 2. c4 c5 3. d5 e6 4. Nc3 exd5 5. cxd5 d6 6. Nf3 g6 7. Nd2 Bg7 8. Nc4 0-0 9. Bg5 Qd7 10. a4 b6 11. Qd2 Ba6 12. Na3 Re8 13. f3 Qe7 14. Nab5 Bxb5 15. axb5 Nbd7 16. e4 Qf8 17. Be2 Ne5 18. 0-0 h6 19. Be3 Re7 20. Ra4 Rc7 21. Kh1 h5 22. h3 Qe8 23. Rfa1 Nh7 24. f4 Nd7 25. e5 Ndf8 26. exd6 Rd7 27. f5 Be5 28. fxg6 fxg6 29. Ne4 Qf7 30. Rf1 Qg7 31. Bh6 Qh8 32. b4 Nf6 33. Nxf6+ Bxf6 34. bxc5 bxc5 35. b6 Rxd6 36. Rxa7 Rad8 37. b7 Bc3 38. Qf4 Rf6 39. b8Q Rxb8 40. Qxb8 Rxf1+ 41. Bxf1 Qxh6 42. Qc7 Bd4 43. Qf7+ Kh8 44. Ra8 Bg7 45. d6 1-0

[Event "FRA-chT Top 12"]
[Site "Montpellier"]
[Date "2015.06.01"]
[Round "3.8"]
[White "Monpeurt, Cyrielle"]
[Black "Leriche, Ines"]
[Result "1-0"]
[WhiteElo "2163"]
[BlackElo "1990"]
[PlyCount "95"]
[EventDate "2015.05.30"]
[EventType "team-tourn"]
[EventRounds "11"]
[EventCountry "FRA"]
[SourceTitle "CBM 166 Extra"]
[Source "ChessBase"]
[SourceDate "2015.06.18"]
[SourceVersion "1"]
[SourceVersionDate "2015.06.18"]
[SourceQuality "1"]
[WhiteTeam "Metz Fischer"]
[BlackTeam "Poitiers Migne"]
[WhiteTeamCountry "FRA"]
[BlackTeamCountry "FRA"]

1. e4 c5 2. Nf3 g6 3. d4 cxd4 4. Qxd4 Nf6 5. Nc3 Nc6 6. Qa4 d6 7. e5 dxe5 8. Nxe5 Bg7 9. Nxc6 bxc6 10. Be2 0-0 11. 0-0 Be6 12. Rd1 Qb6 13. Rb1 Nd5 14. Ne4 Bf5 15. Bd2 a5 16. Ng3 Be6 17. c4 Nb4 18. a3 Na6 19. Be3 Nc5 20. Qc2 Qb3 21. Qc1 Nd7 22. Rd3 Qb7 23. b4 Ne5 24. Rd1 axb4 25. axb4 Ra4 26. Bc5 Rfa8 27. f4 Ng4 28. Rf1 Nf6 29. f5 Bc8 30. Qe3 e6 31. fxg6 hxg6 32. Rbd1 Nd7 33. Qf4 Nxc5 34. Rd8+ Bf8 35. bxc5 Qe7 36. Rd6 Ra1 37. Rxc6 Bd7 38. Rc7 Rxf1+ 39. Bxf1 Rc8 40. Rxc8 Bxc8 41. Ne4 Bb7 42. Nd6 Qc7 43. Kh1 Ba8 44. h4 Bg7 45. Be2 e5 46. Qf2 Bf8 47. Qf6 Bg7 48. Qxg7+ 1-0